00309nam a2200121Ia 4500008004100000041000800041082001200049100001500061245004500076260003500121300002400156365000700180240624s9999 xx 000 0 und d aeng a823 BAS aBASU SAMIT aUNWABA REVELATIONS PART THREE OF THE GAM c2007aNew DelhibPenguin Books a508 : p. : cm. ; 20 cRS